|
|
|
|
| LEADER |
01056nam a22002057a 4500 |
| 008 |
130717b xxu||||| |||| 00| 0 eng d |
| 020 |
|
|
|a 9780000170095
|
| 082 |
|
|
|a 928.9411 RAM
|
| 100 |
|
|
|a രാമചന്ദ്ര൯, ഏഴാച്ചേരി
|
| 240 |
|
|
|a Kattu chikkiya thelimanalil
|
| 245 |
|
|
|a കാറ്റു ചിക്കിയ തെളിമണലില് /
|c ഏഴാച്ചേരി രാമചന്ദ്ര൯
|
| 250 |
|
|
|a 1st ed.
|
| 260 |
|
|
|a കോട്ടയം :
|b സാഹിത്യപ്രവര്ത്തക സഹകരണസംഘം,
|c 2011.
|
| 300 |
|
|
|a 147p.
|
| 650 |
|
|
|a Memoirs
|
| 700 |
|
|
|a Ramachandran, Ezhacheri
|
| 942 |
|
|
|2 ddc
|c BK
|
| 999 |
|
|
|c 1314
|d 1314
|
| 952 |
|
|
|0 0
|1 0
|2 ddc
|4 0
|6 928_941100000000000_RAM
|7 0
|9 1408
|a MAIN
|b MAIN
|d 2013-07-17
|e National Book Stall
|g 105.00
|o 928.9411 RAM
|p 1335
|r 2013-07-17
|t 1
|w 2013-07-17
|y BK
|
| 952 |
|
|
|0 0
|1 0
|2 ddc
|4 0
|6 928_941100000000000_RAM
|7 0
|9 1618
|a MAIN
|b MAIN
|d 2013-07-19
|e National Book Stall
|g 105.00
|l 1
|o 928.9411 RAM
|p 1786
|r 2017-01-04
|s 2016-12-03
|t 2
|w 2013-07-19
|y BK
|